Praelectiones dogmaticae
Saved in:
| Hovedforfatter: | |
|---|---|
| Format: | Bog |
| Sprog: | latin |
| Udgivet: |
Friburgo de Brisgovia
B. Herder
1915
|
| Udgivelse: | 5a. ed |
| Fag: | |
| Tags: |
Tilføj Tag
Ingen Tags, Vær først til at tagge denne postø!
|
MARC
| LEADER | 00000cam a2200000 a 4500 | ||
|---|---|---|---|
| 001 | UCD1778 | ||
| 003 | CL-VaPUC | ||
| 008 | 160331e19150000gw |||||||||||||||||lat|d | ||
| 082 | 0 | 4 | |a 262.9 |b PES |2 21 |
| 100 | 0 | |a Pesch, Christiano |e author |9 584918 | |
| 245 | 1 | 0 | |a Praelectiones dogmaticae |
| 250 | |a 5a. ed | ||
| 300 | |a t | ||
| 942 | |c BK | ||
| 945 | |d 20160331 23:10:00 |a dcastane | ||
| 260 | |a Friburgo de Brisgovia |b B. Herder |c 1915 | ||
| 500 | |a t.1: institutiones propaedeuticae ad sacram theologiam | ||
| 500 | |a t.2: de Deo uno secundum naturum de Deo trino secundum personas. Tractatus dogmatici | ||
| 500 | |a t.3: de Deo creante et elevante. De Deo dine ultimo. Tractatus dogmatici | ||
| 500 | |a t.4: de verbo incarnato. De beata virgine Maria. De cultu sanctorum. Tractatus dogmatici | ||
| 500 | |a t.5: de gratia. De lege divina positiva. Tractatus dogmatici | ||
| 500 | |a t.6 p.1: de sacramentis. de sacramentis in genere. De Baptismo. De Confirmatione. De Eucharistia | ||
| 500 | |a t.7 p.2: de sacramentis. De sacramento Paenitentiae. De Extrema Unctione. De Ordine. De Matrimonio | ||
| 500 | |a t.8: de virtutibus in genere. De virtutibs theologicis | ||
| 500 | |a t.9: de virtutibus moralibus. De Peccato. De Novissimis | ||
| 650 | 0 | |a Virtudes cristianas |9 398107 | |
| 650 | 0 | |a Virtudes religiosas |9 399248 | |
| 650 | 0 | |a Virtudes teologales |9 399965 | |
| 650 | 0 | |a Sacramentos |9 257270 | |
| 583 | |a last modification |c 20160331 23:10:00 |k Rodrigo Vera | ||
| 999 | |c 363017 |d 363015 | ||
| 952 | |0 0 |1 0 |3 erd |4 0 |6 262_900000000000000_PES_1915 |7 0 |8 P |9 474710 |a BIBTEO |b BIBTES |c TEO_FTES |h t.1 |i 5278538 |o 262.9 PES 1915 |p 5278538 |r 2024-01-18 |w 2019-11-24 |y BK |z Catalogado en:20160331 |k ICR | ||
| 952 | |0 0 |1 0 |3 erd |4 0 |6 262_900000000000000_PES_1915 |7 0 |8 P |9 474711 |a BIBTEO |b BIBTES |c TEO_FTES |h t.2 |i 5278546 |o 262.9 PES 1915 |p 5278546 |r 2024-01-18 |w 2019-11-24 |y BK |z Catalogado en:20160331 |k ICR | ||
| 952 | |0 0 |1 0 |3 erd |4 0 |6 262_900000000000000_PES_1915 |7 0 |8 P |9 474712 |a BIBTEO |b BIBTES |c TEO_FTES |h t.3 |i 5278554 |o 262.9 PES 1915 |p 5278554 |r 2024-01-18 |w 2019-11-24 |y BK |z Catalogado en:20160331 |k ICR | ||
| 952 | |0 0 |1 0 |3 erd |4 0 |6 262_900000000000000_PES_1915 |7 0 |8 P |9 474713 |a BIBTEO |b BIBTES |c TEO_FTES |h t.4 |i 5278562 |o 262.9 PES 1915 |p 5278562 |r 2024-01-18 |w 2019-11-24 |y BK |z Catalogado en:20160331 |k ICR | ||
| 952 | |0 0 |1 0 |3 erd |4 0 |6 262_900000000000000_PES_1915 |7 0 |8 P |9 474714 |a BIBTEO |b BIBTES |c TEO_FTES |h t.5 |i 5278570 |o 262.9 PES 1915 |p 5278570 |r 2024-01-18 |w 2019-11-24 |y BK |z Catalogado en:20160331 |k ICR | ||
| 952 | |0 0 |1 0 |3 erd |4 0 |6 262_900000000000000_PES_1915 |7 0 |8 P |9 474715 |a BIBTEO |b BIBTES |c TEO_FTES |h t.6 |i 5278589 |o 262.9 PES 1915 |p 5278589 |r 2024-01-18 |w 2019-11-24 |y BK |z Catalogado en:20160331 |k ICR | ||
| 952 | |0 0 |1 0 |3 erd |4 0 |6 262_900000000000000_PES_1915 |7 0 |8 P |9 474716 |a BIBTEO |b BIBTES |c TEO_FTES |h t.7 |i 5278597 |o 262.9 PES 1915 |p 5278597 |r 2024-01-18 |w 2019-11-24 |y BK |z Catalogado en:20160331 |k ICR | ||
| 952 | |0 0 |1 0 |3 erd |4 0 |6 262_900000000000000_PES_1915 |7 0 |8 P |9 474717 |a BIBTEO |b BIBTES |c TEO_FTES |h t.8 |i 5278600 |o 262.9 PES 1915 |p 5278600 |r 2024-01-18 |w 2019-11-24 |y BK |z Catalogado en:20160331 |k ICR | ||
| 952 | |0 0 |1 0 |3 erd |4 0 |6 262_900000000000000_PES_1915 |7 0 |8 P |9 474718 |a BIBTEO |b BIBTES |c TEO_FTES |h t.9 |i 5278619 |o 262.9 PES 1915 |p 5278619 |r 2024-01-18 |w 2019-11-24 |y BK |z Catalogado en:20160331 |k ICR | ||